[La Sagrada Familia (Record no. 85804)

MARC details
000 -LEADER
campo de control de longitud fija 01284nkm a22002657a 4500
001 - NÚMERO DE CONTROL
campo de control 85804
005 - FECHA Y HORA DE LA ÚLTIMA TRANSACCIÓN
campo de control 20260416173853.0
007 - CAMPO FIJO DE DESCRIPCIÓN FÍSICA--INFORMACIÓN GENERAL
campo de control de longitud fija kh bo
008 - DATOS DE LONGITUD FIJA--INFORMACIÓN GENERAL
campo de control de longitud fija 260415s1914 sp ||||| |||| |0| i|spa d
040 ## - FUENTE DE CATALOGACIÓN
Centro catalogador/agencia de origen M-RABA
Lengua de catalogación spa
Centro/agencia transcriptor M-RABA
100 1# - ENTRADA PRINCIPAL--NOMBRE DE PERSONA
Nombre de persona Brocconini, Pietro
9 (RLIN) 111670
245 13 - MENCIÓN DEL TÍTULO
Título [La Sagrada Familia
Resto del título : construcción de la fachada del Nacimiento]
Mención de responsabilidad, etc. / Brocconini, Pietro
Medio [Material gráfico]
260 ## - PUBLICACIÓN, DISTRIBUCIÓN, ETC.
Fecha de publicación, distribución, etc. [ca. 1914]
300 ## - DESCRIPCIÓN FÍSICA
Extensión 1 fotografía
Otras características físicas : aristotipo
Dimensiones ; 17 x 22,5 cm
500 00 - NOTA GENERAL
Nota general Fotografía que representa la construcción de la fachada del Nacimiento de la Sagrada Familia (Barcelona).
500 00 - NOTA GENERAL
Nota general La construcción de la fachada del Nacimiento se inició en 1891. A partir de 1914 Gaudí se dedica únicamente al templo hasta su muerte en 1926.
500 00 - NOTA GENERAL
Nota general Fecha tomada desde que el arquitecto se dedicó únicamente a este monumento.
600 17 - PUNTO DE ACCESO ADICIONAL DE MATERIA--NOMBRE DE PERSONA
Nombre de persona Gaudí, Antoni (
Fechas asociadas al nombre 1852-1926)
9 (RLIN) 28707
610 27 - PUNTO DE ACCESO ADICIONAL DE MATERIA--NOMBRE DE ENTIDAD CORPORATIVA
Nombre de entidad corporativa o nombre de jurisdicción como elemento de entrada Templo de la Sagrada Familia (Barcelona, España)
9 (RLIN) 72397
651 #7 - PUNTO DE ACCESO ADICIONAL DE MATERIA--NOMBRE GEOGRÁFICO
Nombre geográfico Barcelona (España)
9 (RLIN) 74754
655 #0 - TERMINO DE INDIZACIÓN--GENERO/FORMA
Datos o término principal de género/forma Fotografías de monumentos
9 (RLIN) 111580
852 ## - LOCALIZACIÓN
Número de control de estantería Fot-646
856 ## - LOCALIZACIÓN Y ACCESO ELECTRÓNICOS
Identificador Uniforme de Recurso <a href="https://archivoybiblioteca.realacademiabellasartessanfernando.com/cgi-bin/koha/opac-retrieve-file.pl?id=c63c06ea7e48a9754ebd3f0c4b4d82f0">https://archivoybiblioteca.realacademiabellasartessanfernando.com/cgi-bin/koha/opac-retrieve-file.pl?id=c63c06ea7e48a9754ebd3f0c4b4d82f0</a>
Texto de enlace Fot-646
942 ## - ELEMENTOS DE ENTRADA SECUNDARIOS (KOHA)
Tipo de ítem Koha Fotografías
Suprimir en OPAC No
Holdings
Estatus retirado Estado de pérdida Fuente de la clasificación o esquema de estantería Estado de daño No para préstamo Colección Biblioteca de origen Biblioteca actual Ubicación en estantería Fecha de adquisición Total de préstamos Signatura topográfica completa Código de barras Visto por última vez Precio de reemplazo Tipo de ítem Koha
    Clasificación Decimal Dewey     Fotografía Real Academia de la Bellas Artes de San Fernando Real Academia de la Bellas Artes de San Fernando Depósito 2 15/04/2026   Fot-646 1096914 15/04/2026 15/04/2026 Fotografías

Powered by Koha